000
00207 a2200085 4500
020
_a
9781780671680
100
_a
Tim Collins
245
_a
100 Ways to Create a Great Ad
260
_b
Laurence King Publishing
_c
2014
999
_c
13398
_d
13398